000 00797nam a2200265Ia 4500
008 220216s9999 xx 000 0 und d
100 _aMontoro P
245 0 _aEthylene-responsive genes in Hevea brasiliensis: Effect of ethylene and wounding in young budded plants of three rubber clones
260 _bIRRDB Natural Rubber Conference 2008, 13-15 October 2008, Kuala Lumpur, Malaysia: Abstract of papers
500 _aSource Year: 2008
650 _aEthylene
650 _aEthylene-responsive genes
650 _aWounding
700 _aArgout X
700 _aBaurens F C
700 _aGramdi S
700 _aKuswanhadi
700 _aLeclercq J
700 _aLefrancois C
700 _aNemrod G
700 _aRio M
700 _aSabau X
856 _uAbst only
942 _cJS
999 _c58873
_d58873